Normal view
MARC view
- ELECTRONIC INSTRUMENTS ELECTRONIC MEASUREMENTS
Entry Topical Term
001 - CONTROL NUMBER
- control field: 70960
003 - CONTROL NUMBER IDENTIFIER
- control field: NUST
005 - DATE AND TIME OF LATEST TRANSACTION
- control field: 20210628204555.0
008 - FIXED-LENGTH DATA ELEMENTS
- fixed length control field: 210628|| aca||aabn | a|a d
040 ## - CATALOGING SOURCE
- Original cataloging agency: NUST
- Transcribing agency: NUST
150 ## - HEADING--TOPICAL TERM
- Topical term or geographic name entry element: ELECTRONIC INSTRUMENTS ELECTRONIC MEASUREMENTS
670 ## - SOURCE DATA FOUND
- Source citation: Work cat.: (NUST): Bell, David A 4002, Electronic instrumentation and measurements, 1994
